Normal view
MARC view
- Low voltage integrated circuits
Entry Topical Term
001 - CONTROL NUMBER
- control field: 2956
003 - CONTROL NUMBER IDENTIFIER
- control field: NUST
005 - DATE AND TIME OF LATEST TRANSACTION
- control field: 20170620133420.0
008 - FIXED-LENGTH DATA ELEMENTS
- fixed length control field: 170620|| aca||aabn | a|a d
040 ## - CATALOGING SOURCE
- Original cataloging agency: NUST
- Transcribing agency: NUST
150 ## - HEADING--TOPICAL TERM
- Topical term or geographic name entry element: Low voltage integrated circuits
- General subdivision: Design and construction
- General subdivision: Data processing
670 ## - SOURCE DATA FOUND
- Source citation: Work cat.: (NUST)23858: Wayne Wolf 2954, Modern VLSI design: System-on-chip design, c1997.
